000 00943cab a22001935a 4500
001 L146143
008 081211s2008 xxk f 000 0 eng d
035 _a(Sirsi) u146143
041 0 _aeng
110 2 _aPremises and Facilities Management
_95668
245 0 4 _aThe evolving workspace
260 _c2008
490 0 _aPremises and Facilities Management
_vOctober 2008, 14-16(2)
520 _aArgues that property managers must shift from focusing on saving space and cost, to creating workplaces that enhance individual creativity and performance, team collaboration and innovation, and the productivity and success of the occupying business. Considers the sociological, technological, economic and political aspects of business change. Provides a checklist of paradigm shifts in the way the workplace is designed and managed.
590 _aKA
651 4 _aUnited Kingdom
_y
690 _aMANAGEMENT-FACILITIES MANAGEMENT
942 _n0
999 _c81046
_d81046